[Event "Novosibirsk-ch"]
[Site "Novosibirsk"]
[Date "2000.??.??"]
[Round "?"]
[White "Afanasiev, Fedor"]
[Black "Shushpanov, Rustam"]
[Result "1/2-1/2"]
[WhiteElo "2365"]
[BlackElo "2328"]
[PlyCount "87"]
[EventDate "2000.12.??"]
[EventType "swiss"]
[EventRounds "9"]
[EventCountry "RUS"]
[SourceTitle "EXT 2002"]
[Source "ChessBase"]
[SourceDate "2001.11.25"]
[SourceVersion "1"]
[SourceVersionDate "2001.11.25"]
[SourceQuality "1"]

1. e4 d6 2. d4 Nf6 3. Nc3 e5 4. Nf3 Nbd7 5. Bc4 Be7 6. 0-0 0-0 7. Re1 c6 8. a4 Qc7 9. b3 Nb6 10. Be2 Bg4 11. Bb2 a5 12. Qd3 Nh5 13. Qe3 Nf4 14. dxe5 Nxe2+ 15. Nxe2 Bxf3 16. Qxf3 dxe5 17. Qg3 Bf6 18. Nd4 g6 19. Nf5 h5 20. Re3 Rfe8 21. Rf3 Re6 22. Re1 Rd8 23. Bc3 Nc8 24. Ne3 Bg7 25. Nc4 b6 26. Rd3 Rxd3 27. Qxd3 Nd6 28. Rd1 Nxc4 29. Qxc4 Rd6 30. Rd3 Qd7 31. Kf1 Rxd3 32. Qxd3 Qxd3+ 33. cxd3 c5 34. Ke2 f6 35. Bd2 g5 36. h3 Kf7 37. g3 Bf8 38. f4 g4 39. hxg4 hxg4 40. f5 Ke8 41. Kd1 Kd7 42. Kc2 Kc6 43. Kc3 Bg7 44. Kc4 1/2-1/2

[Event "Novosibirsk-ch"]
[Site "Novosibirsk"]
[Date "2000.??.??"]
[Round "?"]
[White "Isanbaev, Ramil"]
[Black "Afanasiev, Fedor"]
[Result "1/2-1/2"]
[WhiteElo "2377"]
[BlackElo "2365"]
[PlyCount "49"]
[EventDate "2000.12.??"]
[EventType "swiss"]
[EventRounds "9"]
[EventCountry "RUS"]
[SourceTitle "EXT 2002"]
[Source "ChessBase"]
[SourceDate "2001.11.25"]
[SourceVersion "1"]
[SourceVersionDate "2001.11.25"]
[SourceQuality "1"]

1. e4 c5 2. Nf3 d6 3. d4 cxd4 4. Nxd4 Nf6 5. Nc3 a6 6. Bg5 e6 7. f4 Be7 8. Qf3 Qc7 9. 0-0-0 Nbd7 10. Bd3 h6 11. Bh4 g5 12. fxg5 Ne5 13. Qe2 Nfg4 14. Nf3 Nxf3 15. gxf3 hxg5 16. Be1 Ne5 17. Bd2 Bd7 18. Rdg1 Qc5 19. Kb1 Ng6 20. Be3 Qa5 21. Qd2 f6 22. Be2 Kf7 23. Bf2 Bc6 24. Qe1 Rag8 25. Bc4 1/2-1/2

[Event "Novosibirsk-ch"]
[Site "Novosibirsk"]
[Date "2000.??.??"]
[Round "?"]
[White "Kopylov, Andrey"]
[Black "Afanasiev, Fedor"]
[Result "1/2-1/2"]
[WhiteElo "2196"]
[BlackElo "2365"]
[PlyCount "43"]
[EventDate "2000.12.??"]
[EventType "swiss"]
[EventRounds "9"]
[EventCountry "RUS"]
[SourceTitle "EXT 2002"]
[Source "ChessBase"]
[SourceDate "2001.11.25"]
[SourceVersion "1"]
[SourceVersionDate "2001.11.25"]
[SourceQuality "1"]

1. d4 Nf6 2. c4 e6 3. Nc3 Bb4 4. Qc2 c5 5. dxc5 Bxc5 6. Bf4 d5 7. Rd1 Qb6 8. e3 0-0 9. Nf3 Nc6 10. a3 Be7 11. cxd5 exd5 12. Nxd5 Nxd5 13. Rxd5 Be6 14. Rb5 Qd8 15. Ng5 Bxg5 16. Bxg5 f6 17. Bf4 Rc8 18. Rc5 Qe7 19. Rc3 Rfe8 20. Be2 Bd5 21. 0-0 Nd4 22. exd4 1/2-1/2